| 000 | 00501nam a2200157 a 4500 | ||
|---|---|---|---|
| 001 | 000030967 | ||
| 005 | 20200930062623.0 | ||
| 008 | 110608s1941 dr 000 | spa d | ||
| 040 |
_aDO-SdBNP _bspa _cBNPHU |
||
| 082 |
_axxx _bR586n |
||
| 100 | 1 |
_aRíos, José de los _957479 |
|
| 245 | 1 | 3 |
_aLa nueva misión de los españoles en los pueblos hispanoaméricanos / _cJosé de los Ríos. |
| 260 |
_aCiudad Trujillo, República Dominicana : _bCambier, _c1941. |
||
| 300 |
_a16 p. ; _c22 cm. |
||
| 049 | _aBNPD | ||
| 999 |
_c30459 _d30459 |
||